000 00633nam a2200241Ia 4500
003 OSt
005 20221006145308.0
006 a|||||r|||| 00| 0
007 ta
008 221006b |||||||| |||| 00| 0 eng d
020 _cP15.00
024 _a14,384
037 _cTextual
040 _aEASL
_cEASL
_beng
041 _2eng
_aeng
082 _aN41,C, L9
100 _aLOEWE Michael
245 0 _aWays to paradise
_b The Chinese quest for immortality
260 _aLondon
_bGeorge Allen and Unwin
_c1979
300 _a270p.
_ccm.
942 _hN41,C, L9
_cTEXL
_2CC
999 _c1082470
_d1082470